The Merck Veterinary Manual (Record no. 17164)

000 -LEADER
fixed length control field 00260nam a22001097a 4500
008 - FIXED-LENGTH DATA ELEMENTS--GENERAL INFORMATION
fixed length control field 140529t xxu||||| |||| 00| 0 eng d
020 ## - INTERNATIONAL STANDARD BOOK NUMBER
International Standard Book Number 0-911910-50-6
100 ## - MAIN ENTRY--PERSONAL NAME
Personal name Cynthis M. Kahn
9 (RLIN) 927
245 ## - TITLE STATEMENT
Title The Merck Veterinary Manual
300 ## - PHYSICAL DESCRIPTION
Extent 2712
942 ## - ADDED ENTRY ELEMENTS (KOHA)
Source of classification or shelving scheme
Koha item type Book
Holdings
Withdrawn status Lost status Source of classification or shelving scheme Damaged status Not for loan Collection code Permanent Location Current Location Date acquired Total Checkouts Full call number Barcode Date last seen Price effective from Koha item type
            Atta-ur-Rahman School of Applied Biosciences (ASAB) Atta-ur-Rahman School of Applied Biosciences (ASAB) 05/29/2014   636.089 KAH ASAB974 05/29/2014 05/29/2014 Book
            Atta-ur-Rahman School of Applied Biosciences (ASAB) Atta-ur-Rahman School of Applied Biosciences (ASAB) 05/29/2014   636.089 KAH ASAB973 05/29/2014 05/29/2014 Book
            Atta-ur-Rahman School of Applied Biosciences (ASAB) Atta-ur-Rahman School of Applied Biosciences (ASAB) 05/29/2014   636.089 KAH ASAB972 05/29/2014 05/29/2014 Book
            Atta-ur-Rahman School of Applied Biosciences (ASAB) Atta-ur-Rahman School of Applied Biosciences (ASAB) 05/29/2014   636.089 KAH ASAB971 05/29/2014 05/29/2014 Book
            Atta-ur-Rahman School of Applied Biosciences (ASAB) Atta-ur-Rahman School of Applied Biosciences (ASAB) 05/29/2014   636.089 KAH ASAB970 05/29/2014 05/29/2014 Book
© 2023 Central Library, National University of Sciences and Technology. All Rights Reserved.